Normal view
MARC view
Entry Personal Name
001 - CONTROL NUMBER
- control field: 15792
003 - CONTROL NUMBER IDENTIFIER
- control field: OSt
005 - DATE AND TIME OF LATEST TRANSACTION
- control field: 20260428170442.0
008 - FIXED-LENGTH DATA ELEMENTS
- fixed length control field: 260428|| aca||aabn | a|a d
040 ## - CATALOGING SOURCE
- Original cataloging agency: OSt
- Transcribing agency: OSt
100 ## - HEADING--PERSONAL NAME
- Personal name: Tan, Anna Rose
670 ## - SOURCE DATA FOUND
- Source citation: Work cat.: (OSt)5846: Almendras, Precy Diane 7586 author., Establishment of Sugbang Pinoy Resto in Rizal Boulevard along San Jose Street, Dumaguete City /, 2014.
